| 000 | 01424cam a22002771a 4500 | ||
|---|---|---|---|
| 001 | 78532 | ||
| 003 | BD-RjUL | ||
| 005 | 20211209083135.0 | ||
| 008 | 210930s1957 ua a b 001 0cara | ||
| 035 | _a(BD-RjUL)78758 | ||
| 035 | _a(CStRLIN)DCLN98960486-B | ||
| 040 |
_aDLC-R _cDLC-R _dCStRLIN _beng |
||
| 041 | _aara | ||
| 082 |
_223 _a297.23092 _bASR 1998 |
||
| 100 | 2 |
_aالعسقلانى، أحمد بن على بن حجر ;; Al-Asqalani, Ahmed bin Ali bin Hajar _d1372-1449. _9248790 |
|
| 245 | 1 | 0 |
_aرفع الإصر عن قضاة مصر ;; Rafʻ al-iṣr ʻan quḍāt Miṣr / _cلابن حجر شهاب الدين أحمد بن على بن محمد العسقلانى ؛ تحقيق على محمد عمر.;; li-Ibn Ḥajar Shihāb al-Dīn Aḥmad ibn ʻAlī ibn Muḥammad al-ʻAsqalānī ; taḥqīq ʻAlī Muḥammad ʻUmar. |
| 250 | _aal-Ṭabʻah 1. | ||
| 260 |
_a[al-Qāhirah] ;; القاهرة : _bالمطبعة الاميرية ;; almatbaat alamyriat alqahira , _c1998. |
||
| 300 |
_a414 p. : _bill. ; _c25 cm. |
||
| 504 | _aIncludes bibliographical references and indexes. | ||
| 520 | _aIslamic law judges; biographies; early works to 1800; critical edition. | ||
| 650 | 0 |
_aJudges _zIslamic Empire _vBiography. _9248791 |
|
| 650 | 0 |
_aJudges (Islamic law) _zEgypt _xBiography _xEarly works to 1800. _9248792 |
|
| 700 | 1 |
_aعمر، على محمد.;; ʻUmar, ʻAlī Muḥammad. _9249251 |
|
| 942 |
_2ddc _cBK |
||
| 999 |
_c78532 _d78532 |
||